000 00277nam a22001337a 4500
082 _a425
_bSHA/I
100 _aSHARMA
100 _aKUMAR
245 _aIMPROVE YOUR WORD POWER
260 _aAGRA
_bM.I PUBLICATIONS
300 _a160
650 _aVOCABULARY
_zDELHI
942 _cBK
999 _c4090
_d4090